Manuel Antonio Muñoz Borrero : los años desconocidos : (seguido de textos colombianos de M. A. Muñoz Borrero) /

Bibliographic Details
Main Author: Ortiz, Gonzalo (Author)
Other Authors: Muñoz Borrero, Manuel A. (Manuel Antonio), 1891-
Format: Electronic eBook
Language:Spanish
Published: Cuenca, Ecuador : Universidad del Azuay, Casa Editora, [2024]
Edition:Primera edición.
Series:Homo (Universidad del Azuay, Casa Editora). Historia.
Subjects:
Online Access:Digitalia Hispánica

MARC

LEADER 00000nam a2200000 i 4500
001 DIGUAZUAY0255
003 NyNyDIG
007 cr |||||||||||
008 260119s2024 ec o ob 000 0 spa d
006 m o d
035 |a (OCoLC)1569883448 
040 |a DGITA  |b eng  |e rda  |e pn  |c DGITA 
020 |a 9789942645715  |q eBook 
020 |z 9789942645722 
043 |a s-ec--- 
050 1 4 |a F3738.4.M9 ebook 
100 1 |a Ortiz, Gonzalo,  |e author. 
245 1 0 |a Manuel Antonio Muñoz Borrero :  |b los años desconocidos : (seguido de textos colombianos de M. A. Muñoz Borrero) /  |c Gonzalo Ortiz Crespo. 
250 |a Primera edición. 
264 1 |a Cuenca, Ecuador :  |b Universidad del Azuay, Casa Editora,  |c [2024] 
300 |a 1 online resource :  |b photographs. 
336 |a text  |b txt  |2 rdacontent 
337 |a computer  |b c  |2 rdamedia 
338 |a online resource  |b cr  |2 rdacarrier 
347 |a text file  |2 rdaft 
347 |b PDF 
490 1 |a Homo. Historia 
504 |a Includes bibliographical references. 
588 0 |a Online resource; title from PDF title page (Digitalia, viewed January 19, 2026) 
600 1 0 |a Muñoz Borrero, Manuel A.  |q (Manuel Antonio),  |d 1891- 
650 0 |a Diplomats  |z Ecuador  |v Biography. 
700 1 2 |i Container of (work):  |a Muñoz Borrero, Manuel A.  |q (Manuel Antonio),  |d 1891-  |t Textos colombianos. 
740 0 2 |a Textos colombianos. 
791 2 |a Digitalia (Firm),  |e distributor. 
793 0 |g Digitalia eBook Collection:  |a Universidad del Azuay 
776 0 8 |i Print version:  |a Ortiz, Gonzalo.  |t Manuel Antonio Muñoz Borrero.  |b Primera edición.  |d Cuenca, Ecuador : Universidad del Azuay, Casa Editora, [2024]  |z 9789942645722 
830 0 |a Homo (Universidad del Azuay, Casa Editora).  |p Historia. 
856 4 0 |3 Digitalia Hispánica  |u https://www.digitaliapublishing.com/a/170483/ 
910 |a Premium collection: 2026